000 00521nam a2200205Ia 4500
003 OSt
005 20220926041203.0
006 a|||||r|||| 00| 0
007 ta
008 220923b |||||||| |||| 00| 0 eng d
037 _cGeneral Book
040 _aRTL
_cRTL
_beng
041 _2eng
_aeng
082 _aX:272, J5;1
100 _aVoskull Walter H
_9344617
245 0 _aMinerals in world industry
260 _c1955
942 _hX:272, J5;1
_cGB
_2CC
999 _c666570
_d666570